Dandár, vigyázz, oszolj!

Elmentve itt :
Bibliográfiai részletek
Szerző: Fekete Sándor, V.
Dokumentumtípus: Cikk
Megjelent: 1996-11-25
Sorozat:Délmagyarország 86 No. 275
Kulcsszavak:Szeged, Honvédelem Szeged, Szeged Műszaki Dandár
Online Access:http://dmarchiv.bibl.u-szeged.hu/83033
LEADER 00494nab a2200157 i 4500
001 delm83033
005 20191011115759.0
008 191011s1996 hu o 0|| hun d
040 |a SZTE Délmagyarország Archívum  |b hun 
041 |a hun 
100 1 |a Fekete Sándor, V. 
245 1 0 |a Dandár, vigyázz, oszolj!  |h [elektronikus dokumentum] /  |c  Fekete Sándor, V. 
260 |c 1996-11-25 
300 |a 1, 5 
490 0 |a Délmagyarország  |v 86 No. 275 
695 |a Szeged, Honvédelem Szeged, Szeged Műszaki Dandár